| 000 | 00369nam a22001457a 4500 | ||
|---|---|---|---|
| 020 | _a81-7023-057-8 | ||
| 041 | _aENG | ||
| 100 | _aG.S Randhawa | ||
| 245 | _aFloriculture In India | ||
| 260 |
_aNew Delhi _bAllied Publishers Private Limited _c2019 |
||
| 300 | _a656 | ||
| 650 | _aAgronomi /Horticulture | ||
| 700 | _aA. Mukhopadhyay | ||
| 856 | _uAgronomi /Horticulture | ||
| 999 |
_c89 _d89 |
||